00500nam a22001817a 450000500170000001000140001702000220003102000250005303500130007803700130009108200080010410000170011224500600012926000330018927000540022230000220027665000200029820100809163945.0 aENG-99199 a8183821804c75.00 a9788183821803c75.00 aEN-82731 bDBAD/PUB a485 aSeth, Rakesh aSchool essays and letters for juniors /cby Rakesh Seth aNew DelhibLotus Pressc2008 a4263/3,Ansari Road, Darya GanjbNew Delhie110002 a180p.c21cm (pbk) aEnglish grammer